000 00814nam a2200217Ia 4500
001 14858
003 GE_BSU
008 181216s||||||||xx |||||||||||||| ||und||
040 _cGE_BSU
080 _a514.77(075.8)
100 _aБакельман, И. Я., Вернер, А.Л., Кантор, Б.Е.
245 _aВведение в дифференциальную геометрию "в целом
245 _bУчебное пособие для студ.-заочн. физ-мат.фак-ов пед. ин-тов
245 _cРед.С.А.Юзвинский В.В. Донченко
260 _aМосква
260 _bНаука
260 _c1973
300 _a439стр.22см.
653 _aВведение в дифференциальную геометрию в"целом
942 _cBK
999 _c47980
_d47980